1981 National Science Foundation authorization : hearings before the Subcommittee on Science, Research, and Technology of the Committee on Science and Technology, U.S. House of Representatives, Ninety-sixth Congress, second session, on H.R. 6728 (superseded by H.R. 7115) ...

Bibliographic Details
Corporate Authors: United States. Congress. House. Committee on Science and Technology. Subcommittee on Science, Research, and Technology, ProQuest (Firm)
Format: Government Document eBook
Language:English
Published: Washington : U.S. Govt. Print. Off, 1980.
Series:U.S. Congressional Hearings.
Subjects:
Online Access:Connect to the full text of this electronic book

MARC

Tag First Indicator Second Indicator Subfields
LEADER 00000cam a22000001a 4500
001 in00003199049
006 m d f
007 cr bn mmmapmmp
008 100322s1980 dcua ob f000 0 eng d
005 20260504163648.1
035 |a cis2007492054 
040 |a UMI  |c UMI  |d UtOrBLW 
043 |a n-us--- 
074 |a 1025-A 
086 0 |a Y 4.Sci 2:96/126 
099 |a HRG-1980-TEC-0019 
110 1 |a United States.  |b Congress.  |b House.  |b Committee on Science and Technology.  |b Subcommittee on Science, Research, and Technology. 
245 1 0 |a 1981 National Science Foundation authorization :  |b hearings before the Subcommittee on Science, Research, and Technology of the Committee on Science and Technology, U.S. House of Representatives, Ninety-sixth Congress, second session, on H.R. 6728 (superseded by H.R. 7115) ... 
264 1 |a Washington :  |b U.S. Govt. Print. Off,  |c 1980. 
300 |a 1 online resource. 
336 |a text  |b txt  |2 rdacontent 
337 |a computer  |b c  |2 rdamedia 
338 |a online resource  |b cr  |2 rdacarrier 
490 0 |a Serial - House, Committee on Science and Technology ;  |v no. 96-126 
500 |a Record is based on bibliographic data in ProQuest Congressional Hearings Digital Collection. Reuse except for individual research requires license from ProQuest, LLC. 
504 |a Includes bibliographical references. 
538 |a System requirements: PDF reader software. 
500 |a Electronic resource. 
610 2 0 |a National Science Foundation (U.S.)  |x Appropriations and expenditures. 
655 7 |a Electronic books.  |2 local 
710 2 |a ProQuest (Firm) 
776 0 8 |i Print version:   |a United States. Congress. House. Committee on Science and Technology. Subcommittee on Science, Research, and Technology.  |t 1981 National Science Foundation authorization  |w (OCoLC)06835365  |w gp 80026750 
776 0 8 |i Microfiche version:   |a United States. Congress. House. Committee on Science and Technology. Subcommittee on Science, Research, and Technology.  |t 1981 National Science Foundation authorization.  |d [Bethesda, Md.] : ProQuest,[2004]  |o CIS 80 H701-94  |w (ProQuest)cis08001430 
830 0 |a U.S. Congressional Hearings. 
856 4 0 |u http://proxy.library.tamu.edu/login?url=https://congressional.proquest.com/congcomp/getdoc?HEARING-ID=HRG-1980-TEC-0019  |z Connect to the full text of this electronic book  |t 0 
998 |a cis08001430 
999 |a MARS 
999 f f |s 308f24c3-5278-3f9b-86dd-de6bd796e9a7  |i 2a479582-25e9-3b1c-9ad2-41d0b749e076  |t 0 
952 f f |a Texas A&M University  |b College Station  |c Electronic Resources  |s www_evans  |d Available Online  |t 0  |e HRG-1980-TEC-0019  |h Other scheme 
998 f f |a HRG-1980-TEC-0019  |t 0  |l Available Online